[Event "CUB School-chT"]
[Site "Santa Clara"]
[Date "2017.07.17"]
[Round "9.4"]
[White "Jerez Duenas, Fabio"]
[Black "Frometa Romero, Oscar Luis"]
[Result "1-0"]
[WhiteElo "1865"]
[BlackElo "1700"]
[PlyCount "55"]
[EventDate "2017.07.13"]
[EventType "team-swiss"]
[EventRounds "9"]
[EventCountry "CUB"]
[SourceTitle "EXT 2023"]
[Source "ChessBase"]
[SourceDate "2022.10.05"]
[SourceVersion "1"]
[SourceVersionDate "2022.10.05"]
[SourceQuality "1"]

1. e4 d5 2. exd5 Qxd5 3. Nc3 Qd6 4. d4 Nf6 5. Bc4 a6 6. Nf3 Bg4 7. h3 Bxf3 8. Qxf3 Nc6 9. Be3 e6 10. 0-0-0 0-0-0 11. a3 Na5 12. Ba2 Be7 13. d5 e5 14. b4 b6 15. Qf5+ Kb8 16. Qd3 Nb7 17. Qxa6 Nd7 18. Nb5 Qg6 19. Qa7+ Kc8 20. Qa8+ Nb8 21. Na7+ Kd7 22. Qxb7 f5 23. d6 Bxd6 24. Bxb6 Ke7 25. Bxc7 Rd7 26. Bxd6+ Qxd6 27. Nc8+ Rxc8 28. Qxc8 1-0

[Event "CUB School-chT"]
[Site "Santa Clara"]
[Date "2017.07.15"]
[Round "6.3"]
[White "Torres Acosta, Luis Daniel"]
[Black "Jerez Duenas, Fabio"]
[Result "1/2-1/2"]
[WhiteElo "1999"]
[BlackElo "1865"]
[PlyCount "42"]
[EventDate "2017.07.13"]
[EventType "team-swiss"]
[EventRounds "9"]
[EventCountry "CUB"]
[SourceTitle "EXT 2023"]
[Source "ChessBase"]
[SourceDate "2022.10.05"]
[SourceVersion "1"]
[SourceVersionDate "2022.10.05"]
[SourceQuality "1"]

1. e4 d6 2. d4 Nf6 3. Nc3 e5 4. Nf3 exd4 5. Nxd4 Be7 6. Be2 0-0 7. 0-0 c5 8. Nf3 a6 9. a4 b6 10. Re1 Bb7 11. Bc4 h6 12. h3 Nc6 13. Bf4 Re8 14. Bh2 Bf8 15. e5 dxe5 16. Nxe5 Nxe5 17. Bxe5 Qxd1 18. Raxd1 Ne4 19. Bc7 Nxc3 20. bxc3 Bc6 21. Bxb6 Bxa4 1/2-1/2

[Event "CUB School-chT"]
[Site "Santa Clara"]
[Date "2017.07.13"]
[Round "1.6"]
[White "Hernandez Garcia, Roberto"]
[Black "Jerez Duenas, Fabio"]
[Result "0-1"]
[WhiteElo "1462"]
[BlackElo "1865"]
[PlyCount "80"]
[EventDate "2017.07.13"]
[EventType "team-swiss"]
[EventRounds "9"]
[EventCountry "CUB"]
[SourceTitle "EXT 2023"]
[Source "ChessBase"]
[SourceDate "2022.10.05"]
[SourceVersion "1"]
[SourceVersionDate "2022.10.05"]
[SourceQuality "1"]

1. e4 c5 2. Nf3 d6 3. d4 cxd4 4. Nxd4 Nf6 5. Nc3 Nc6 6. f3 e5 7. Nb3 Be6 8. Be3 d5 9. exd5 Nxd5 10. Nxd5 Bxd5 11. Bd3 Be7 12. 0-0 0-0 13. c4 Be6 14. a3 Qc7 15. Qc2 f5 16. Nc5 Bc8 17. b4 b6 18. Nb3 Bf6 19. Rac1 a5 20. c5 Nd4 21. Bxd4 exd4 22. cxb6 Qxc2 23. Rxc2 axb4 24. axb4 Rb8 25. Rfc1 Bg5 26. Re1 Be3+ 27. Kf1 Rxb6 28. b5 Bd7 29. Bc4+ Kh8 30. Nc5 Bxb5 31. Bxb5 Rxb5 32. Nd3 Rfb8 33. Ke2 Kg8 34. Ra1 R8b7 35. f4 g5 36. fxg5 Bxg5 37. Ra8+ Kf7 38. Rac8 Re7+ 39. Kf2 Rb3 40. Nc1 d3 0-1

[Event "Camaguey 503 op"]
[Site "Camaguey"]
[Date "2017.02.01"]
[Round "1.2"]
[White "De la Paz Vento, Manuel"]
[Black "Jerez Duenas, Fabio"]
[Result "0-1"]
[WhiteElo "1483"]
[BlackElo "1912"]
[PlyCount "70"]
[EventDate "2017.02.01"]
[EventType "swiss"]
[EventRounds "9"]
[EventCountry "CUB"]
[SourceTitle "EXT 2023"]
[Source "ChessBase"]
[SourceDate "2022.10.05"]
[SourceVersion "1"]
[SourceVersionDate "2022.10.05"]
[SourceQuality "1"]

1. e4 c5 2. Nf3 e6 3. d4 cxd4 4. Nxd4 a6 5. Be3 Nf6 6. Nc3 Bb4 7. Bd3 Qc7 8. 0-0 0-0 9. Nb3 Nc6 10. a3 Be7 11. f4 d6 12. Rf2 b5 13. g4 d5 14. g5 Nxe4 15. Nxe4 dxe4 16. Bxe4 Bb7 17. Bxh7+ Kxh7 18. Qh5+ Kg8 19. Rf3 Bxg5 20. fxg5 g6 21. Qh6 Qe5 22. Raf1 Rfd8 23. Bd2 Rxd2 24. Nxd2 Qd4+ 25. R1f2 Ne5 26. Rh3 Qxf2+ 27. Kxf2 Ng4+ 28. Ke2 Nxh6 29. gxh6 Rd8 30. Nf3 Bxf3+ 31. Rxf3 f5 32. Rc3 Kh7 33. Rc6 e5 34. Rxa6 Kxh6 35. a4 Rc8 0-1